[Event "BCF-chT4S 1819 (4NCL)"]
[Site "England"]
[Date "2019.01.12"]
[Round "3.44"]
[White "Combie, Alexander"]
[Black "Carpenter, Raymond"]
[Result "1-0"]
[WhiteElo "2005"]
[BlackElo "1751"]
[PlyCount "69"]
[EventDate "2018.11.17"]
[EventType "team-swiss"]
[EventRounds "11"]
[EventCountry "ENG"]
[SourceTitle "EXT 2021"]
[Source "ChessBase"]
[SourceDate "2020.10.23"]
[SourceVersion "1"]
[SourceVersionDate "2020.10.23"]
[SourceQuality "1"]
[WhiteTeam "Ashfield"]
[BlackTeam "Fischer's Catch"]
[WhiteTeamCountry "ENG"]
[BlackTeamCountry "WLS"]

1. d4 d5 2. c4 e6 3. Nf3 c6 4. Nbd2 f5 5. g3 Nf6 6. Bg2 Be7 7. 0-0 0-0 8. Qc2 Ne4 9. Ne5 Nd7 10. Ndf3 Ndf6 11. Nd3 Nh5 12. Nfe5 Bg5 13. f3 Bxc1 14. Raxc1 dxc4 15. Nxc4 Nexg3 16. hxg3 Nxg3 17. Rfd1 Qh4 18. Nf2 Rf6 19. Nh1 Nxh1 20. Bxh1 Rh6 21. Bg2 f4 22. e4 Qh2+ 23. Kf1 Rg6 24. Ne5 Rg5 25. Ng4 Qh4 26. Qf2 Rxg4 27. fxg4 Qxg4 28. d5 exd5 29. exd5 b6 30. dxc6 Ba6+ 31. Kg1 Rf8 32. Qf3 h5 33. c7 Be2 34. Qxg4 Bxg4 35. Rd8 1-0

[Event "BCF-chT3N 1617 (4NCL)"]
[Site "England"]
[Date "2017.03.18"]
[Round "7.16"]
[White "Peacock, Malcolm R"]
[Black "Carpenter, Raymond"]
[Result "1-0"]
[WhiteElo "2125"]
[BlackElo "1990"]
[PlyCount "93"]
[EventDate "2016.11.26"]
[EventType "team-swiss"]
[EventRounds "11"]
[EventCountry "ENG"]
[SourceTitle "EXT 2019"]
[Source "ChessBase"]
[SourceDate "2018.10.10"]
[SourceVersion "1"]
[SourceVersionDate "2018.10.10"]
[SourceQuality "1"]
[WhiteTeam "Manchester Manticores"]
[BlackTeam "Hounds and Bears"]
[WhiteTeamCountry "ENG"]
[BlackTeamCountry "ENG"]

1. c4 e5 2. g3 Nc6 3. Bg2 g6 4. Nc3 Bg7 5. e4 Nge7 6. Nge2 d6 7. d3 Be6 8. Nd5 0-0 9. 0-0 Qd7 10. f3 f5 11. Be3 fxe4 12. dxe4 Nd8 13. Qd2 Nf7 14. Rad1 c6 15. Nxe7+ Qxe7 16. b3 b5 17. cxb5 d5 18. exd5 cxd5 19. Qa5 Bh6 20. f4 Bg4 21. Rde1 Bxe2 22. Rxe2 exf4 23. gxf4 d4 24. Bxa8 Rxa8 25. b6 dxe3 26. b7 Qxb7 27. Rxe3 Bg7 28. Rd3 Re8 29. f5 Re2 30. Rf2 Qe4 31. Rxe2 Qxe2 32. Qd5 Bh6 33. Qf3 Qxf3 34. Rxf3 g5 35. Rc3 g4 36. Kg2 Nd6 37. Rd3 Nxf5 38. Rd8+ Kg7 39. Rd7+ Kg6 40. Rxa7 Be3 41. Rd7 h5 42. a4 Nh4+ 43. Kh1 Nf3 44. a5 Ne5 45. Rc7 h4 46. a6 h3 47. a7 1-0

[Event "BCF-chT3N 1617 (4NCL)"]
[Site "England"]
[Date "2017.01.15"]
[Round "4.74"]
[White "Carpenter, Raymond"]
[Black "McDonagh, Michael"]
[Result "0-1"]
[WhiteElo "1990"]
[BlackElo "1891"]
[PlyCount "60"]
[EventDate "2016.11.26"]
[EventType "team-swiss"]
[EventRounds "11"]
[EventCountry "ENG"]
[SourceTitle "EXT 2019"]
[Source "ChessBase"]
[SourceDate "2018.10.10"]
[SourceVersion "1"]
[SourceVersionDate "2018.10.10"]
[SourceQuality "1"]
[WhiteTeam "Hounds and Bears"]
[BlackTeam "Spirit of Atticus II"]
[WhiteTeamCountry "ENG"]
[BlackTeamCountry "ENG"]

1. e4 e5 2. Nf3 Nf6 3. Nxe5 d6 4. Nf3 Nxe4 5. Nc3 Nxc3 6. bxc3 Be7 7. d4 b6 8. Bd3 Bb7 9. 0-0 0-0 10. Bf4 Nd7 11. c4 Bf6 12. c3 Re8 13. Qc2 g6 14. Nd2 Bg7 15. Ne4 h6 16. Rfe1 Nf6 17. Ng5 Qd7 18. f3 c5 19. d5 b5 20. Ne4 Nxe4 21. fxe4 b4 22. Bd2 a5 23. Rab1 Qe7 24. cxb4 axb4 25. Rb3 Bc8 26. Qc1 Rxa2 27. Bb1 Ra1 28. Bxh6 Bd4+ 29. Kf1 Qh4 30. Bf4 Qf2# 0-1

[Event "BCF-ch Week1 AM op"]
[Site "Coventry"]
[Date "2015.07.30"]
[Round "4"]
[White "Surtees, Michael"]
[Black "Carpenter, Raymond"]
[Result "1-0"]
[WhiteElo "2149"]
[BlackElo "1930"]
[PlyCount "89"]
[EventDate "2015.07.27"]
[EventType "swiss"]
[EventRounds "5"]
[EventCountry "ENG"]
[SourceTitle "EXT 2016"]
[Source "ChessBase"]
[SourceDate "2015.10.08"]
[SourceVersion "1"]
[SourceVersionDate "2015.10.08"]
[SourceQuality "1"]

1. e4 c5 2. a3 Nc6 3. b4 e5 4. b5 Nd4 5. c3 Ne6 6. Bc4 Nf6 7. d3 Be7 8. Nf3 Qc7 9. 0-0 0-0 10. Re1 a6 11. b6 Qxb6 12. Nxe5 Qc7 13. Nf3 b5 14. Bd5 Rb8 15. c4 Nf4 16. Bxf4 Qxf4 17. Nc3 b4 18. Ne2 Qc7 19. axb4 Nxd5 20. cxd5 cxb4 21. Ned4 Qb6 22. Nb3 d6 23. Nfd2 Bd7 24. Nc4 Qa7 25. Qd2 Rfc8 26. Rec1 h6 27. Qe3 Qb7 28. h3 Bb5 29. Nba5 Qd7 30. Rcb1 Bf6 31. Ra2 Bc3 32. Kh2 Qe7 33. f4 Rd8 34. Qf3 Qf6 35. Nc6 Bxc6 36. dxc6 b3 37. Rxa6 Rdc8 38. Ne3 Qd8 39. Nd5 Ba5 40. d4 b2 41. Qe2 Rb3 42. Rxb2 Rcb8 43. Rxb3 Rxb3 44. Qg4 Be1 45. c7 1-0